| 000 | 00735nam a22001937a 4500 | ||
|---|---|---|---|
| 003 | BD-DhUL | ||
| 005 | 20160918171824.0 | ||
| 008 | 160908s1990 bg ||||| |||| 00| 0 ben | ||
| 040 |
_aBD-DhUL _cBD-DhUL |
||
| 082 |
_a954.92 _bHUE |
||
| 100 | 1 | _aহুদা, শামসুল | |
| 245 |
_aএকাত্তরের মুক্তিযুদ্ধ ও কুষ্টিয়া / _cশামসুল হুদা |
||
| 260 |
_aঢাকা : _bআনজিয়া বানু, _c১৯৯০. |
||
| 300 |
_a১১৪ পৃ. ; _c ২০ সেমি. |
||
| 651 | 0 |
_aবাংলাদেশ _xইতিহাস |
|
| 651 | 0 |
_aBangladesh _xHistory |
|
| 700 | _aহাশেমী, সৈয়দ | ||
| 942 |
_2ddc _cBK |
||
| 999 |
_c104962 _d104962 |
||